| 000 | 00000nam##2200000za#4500 |
| 001 | 9.573799 |
| 003 | CaOODSP |
| 005 | 20210624183856 |
| 007 | cr ||||||||||| |
| 008 | 150406|1991||||xxc|||||o f|0| 0 eng|d |
| 022 | |a1488-5379 |
| 040 | |aCaOODSP|beng |
| 043 | |an-cn--- |
| 086 | 1 |aFs97-6/1805E-PDF |
| 110 | 1 |aCanada. |bDepartment of Fisheries and Oceans. |
| 245 | 10|aDevelopment of a computer simulation model of a cultured blue mussel (Mytilus edulis) population / |h[electronic resource]|c[by] M. Brylinsky and T.W. Sephton. |
| 260 | |aMoncton - New Brunswick : |bFisheries and Oceans Canada |cMay1991. |
| 300 | |a91p.|bfigs., graphs, references, tables |
| 490 | 1 |aCanadian technical report of fisheries and aquatic sciences|x1488-5379|vNo. 1805 |
| 500 | |aThe catalogue number (Fs97-6/1805E) and ISSN (0706-6457) for the print edition has been incorrectly copied in this electronic publication. |
| 546 | |a(Résumé en français) |
| 590 | |a12-22-Supp|b2012-05-24 |
| 720 | 1 |aBrylinsky, M. |
| 720 | 1 |aSephton, T. W. |
| 776 | 0#|tDevelopment of a computer simulation model of a cultured blue mussel (Mytilus edulis) population / |w(CaOODSP)9.609425 |
| 830 | #0|aCanadian technical report of fisheries and aquatic sciences,|x1488-5379|vNo. 1805|w(CaOODSP)9.504449 |
| 856 | 40|ahttp://publications.gc.ca|qPDF|s2.09 MB|uhttps://publications.gc.ca/collections/collection_2012/mpo-dfo/Fs97-6-1805-eng.pdf|yNo. 1805 |